000 00993nam a22002657a 4500
001 7336
003 FISKH
005 20250709154651.0
008 250709b cb ||||| |||| 00| 0 eng d
020 _a9789674471354
040 _aFISKH
_beng
_cFISKH
_dFISKH
050 _aPZ7
082 _a398.2
100 _aAnonymous
245 _aCat and his broken promise :
_b7 moral stories for young readers /
260 _aSendirian Berhad :
_bMind to Mind,
300 _a16 pages :
_bcolor illustrations ;
_c30 cm
505 _aJ
520 _aThis story is about a cat who makes a promise but breaks it. The tale teaches children the importance of keeping promises and being honest. When the cat breaks his promise, he faces consequences that help him learn a valuable lesson about trustworthiness and responsibility.
521 8 _a500
_bLexile estimate
521 8 _aJ
_bRaz-Plus
650 _aAnimal Stories
_vJuvenile Liturature
942 _2ddc
_cBK
_n0
999 _c7336
_d7336